Τα βασικά προβλήματα του Μαρξισμού

Αποθηκεύτηκε σε:
Λεπτομέρειες βιβλιογραφικής εγγραφής
Κύριος συγγραφέας: Plekhanov, Georgii Valentinovich, 1856-1918
Άλλοι συγγραφείς: Λογοθέτης, Γιώργος (Μεταφραστής)
Μορφή: Βιβλίο
Γλώσσα:Greek
Russian
Δημοσίευση: Αθήνα : Φλόγα, 1956
Θέματα:
Ετικέτες: Προσθήκη ετικέτας
Δεν υπάρχουν, Καταχωρήστε ετικέτα πρώτοι!

MARC

LEADER 00000cam a2200000 i 4500
001 1/28563
008 060502s1956 gre d
035 |l 10083684 
040 |a GR-MY-UA  |b gre  |e aacr 
041 1 |a gre  |h rus 
082 0 |a 943.074  |2 (22) 
100 1 |a Plekhanov, Georgii Valentinovich,   |d 1856-1918. 
245 1 3 |a Τα βασικά προβλήματα του Μαρξισμού /  |c μεταφραστης: Γιώργος Λογοθέτης 
260 |a Αθήνα :   |b Φλόγα,   |c 1956 
300 |a 176 σ.;  |c 21 εκ. 
500 |a Με: Άπαντα Κ. Μαρξ - Φ. Ένγκελς. - Ο κομμουνισμός / Μητροπολίτου Χίου Παντελεήμονος 
650 0 0 |a Socialism. 
650 0 0 |a Dialectical materialism. 
650 0 0 |a Communism. 
700 1 |a Λογοθέτης, Γιώργος.  |4 trl 
852 |a INST  |b RHODES  |c KRI  |e 20060502  |h  943.074 ΑΠΑ  |p 005400020928  |q 005400020928  |t BK  |y 0 
901 |a BIBL4-2006-2 
909 |a Ρ  |b 122895 
970 |a ΚΟΖΑ  |b ΜΑΡΙΑ  |z 2006/05/02